000
00342 a2200157 4500
001
165349
020
_a
040
_c
Magnum
100
_a
Murgel Branco, Samuel
240
1
0
_a
Um passeio ao fundo do mar
_l
por
245
1
0
_a
Um passeio ao fundo do mar
362
0
_a
1899
440
1
_a
Moderna
697
_a
IJ/PARADIDATICO
942
_c
BK
999
_c
165349
_d
165349